000
00300nam a2200121Ia 4500
008
191201s2019 xx 000 0 und d
100
_a
GOLDBERG, Richard R
245
0
_a
Methods of Real Analysis
260
_a
N.Delhi
_b
Oxford University Press
300
_a
359
650
_a
Applied
942
_2
ddc
_c
BK
999
_c
1833
_d
1833